| 000 | 00555nam a2200217Ia 4500 | ||
|---|---|---|---|
| 003 | 0100 | ||
| 008 | 130303s9999 xx 000 0 und d | ||
| 040 | _cARRUPELIB | ||
| 050 | _aHB835.R45 | ||
| 100 | _aRescher, Nicholas | ||
| 245 | _aDistributive justice, a constructive critique of the utilitarian theory of distr | ||
| 260 | _aIndianapolis | ||
| 260 | _bBobbs-Merrill | ||
| 260 | _C1967 | ||
| 300 | _axvi | ||
| 300 | _b 166p. 22cm. | ||
| 650 | _bOntology | ||
| 650 | _cSubstance (Philosophy) | ||
| 700 | _aNicholas Rescher | ||
| 942 | 0 | 0 | _02 |
| 999 |
_c36848 _d36848 |
||